000 00531nam a2200181Ia 4500
999 _c13547
_d13547
003 OSt
005 20201110113648.0
008 190216s9999||||xx |||||||||||||| ||und||
020 _a5050016681
040 _coclc
082 _a891.733
_bDOS/I
100 _aDostoyevsky, Fydor
_96152
245 4 _aThe Insulted And Humiliated /
_cFyodor Dostoyevsky
260 _bRaduga Pub,
_c1989.
_aMoscow:
300 _a387p
650 _aEnglish Novel-English Novel
942 _cBK
_2ddc
_h891.733
_iDOS/I
_k891.733
_mDOS/I